000 00587cam a2200205 4500
008 090401t1989 xxu||||| |||| 00| 0 eng d
020 _a0727713531
035 _a(Sirsi) u74237
041 _aeng
050 _a624.08
100 _aWearne, Stephen
245 _aCivil engineering contracts : an introduction to construction contracts and the ICE model form of contract
260 _aLondon
_bThomas Telford
_c1989
300 _a108p. ; 22cm.
350 _a10.5
490 _aEngineering Management
650 _aICE CONDITIONS OF CONTRACT
942 _n0
948 _c04/03/1997
999 _c95792
_d95792